Стенограмма 3-го Заседания Совета Национальностей 3-й Сессии ЦИК СССР 7-го созыва. /Утро/ /Авторско-редакц./

Доступно только в Электронных читальных залах Найти на картеНа карте
RUSMARC
00004991nac2a22003253x 450
001d1e283f3-8d5a-41f3-baca-24c1655eb572
00520210719182956.0
100##$a20210612l1937 k y0rusy50 ca
1010#$arus
102##$aRU
105##$ay z |||||
1220#$ad19370113
2001#$aСтенограмма 3-го Заседания Совета Национальностей 3-й Сессии ЦИК СССР 7-го созыва. /Утро/ /Авторско-редакц./
$j13.01.1937
215##$a48 листов
251##$cДело
300##$aЗаголовок дела на папке: Стенограмма 3-го Заседания Совета Национальностей 3-й Сессии ЦИК СССР VII-го созыва. 13 января 1937 года
300##$aАвторско-редакционный экземпляр
300##$aЛисты: 8а - малого формата, приклеен к левой стороне л. 8; 10 - приклеен к левой стороне л. 11
300##$aМашинописный и рукописный текст
330##$aВходит в раздел описи: VII-й Съезд Советов. 3-я Сессия ЦИК СССР
461#0$1001796d4672-8a00-4986-b488-6e42273792cc
$12001
$aЦЕНТРАЛЬНЫЙ ИСПОЛНИТЕЛЬНЫЙ КОМИТЕТ СССР (ЦИК СССР)
$1251
$cФонд
$1852
$j3316
$gР
462#0$10012246e4af-064a-4b66-b386-cae0ddb7fb2d
$12001
$aДела 7-го Съезда Советов и 1-й, 2-й, 3-й, 4-й Сессий 7-го созыва. 1935-1937 гг.
$vД. 178
$1251
$cОпись
$1852
$j7
5171#$aСтенограмма 3-го Заседания Совета Национальностей 3-й Сессии ЦИК СССР VII-го созыва. 13 января 1937 года
60101$3RU\NLR\AUTH\880357276
$aСССР
$bЦИК
60102$3RU\NLR\AUTH\880399377
$aСССР
$bЦИК
$bСозыв
$c7
$bСессия
$d3
60102$aСССР. ЦИК. Созыв (7). Сессия (3). Заседание Совета национальностей (3)
60101$3RU\NLR\AUTH\880398223
$aСССР
$bЦентральный исполнительный комитет
$bСовет национальностей
801#0$aRU
$bGA_RF
801#1$aRU
$bГлавНИВЦ
$c20210612
$2rusmarc
801#2$aRU
$bПБ им. Б.Н. Ельцина
$c20210719
$gRCR
$2rusmarc
852##$aГА РФ
$j178
937##$d166420625
$hГАРФ
035##$aRuPRLIB51060633
856##$uhttp://readingroom.main.prlib.ru/item.aspx?id_node=n166420625&mode=full
Формат отображения